00929nam a2200229 a 4500003000700000005001700007008004100024020001800065040003300083041000800116050002500124110006400149245012900213260003700342300003400379336002800413337003000441338002700471650006200498650007500560650006400635CBULib20240513090524.0210301s2020 ||||||||||||||||| || u a9789211129892 aCBULibbEnglishcCBULiberda aeng aUNCTAD(058)IARI/2019 aUnited Nations Conference on Trade and Development (UNCTAD)10aInternational accounting and reporting issues : 2019 reviewc/ by United Nations Conference on Trade and Development(UNCTAD) aGeneva : bUnited Nations,c2020 axii, 41pages : illustrations  2rdacontentaText |btxt 2rdamediaaUnmediated |bn 2rdacarrieraVolumebnc aINTERNATIONAL BUSINESS ENTERPRISES--ACCOUNTING--STANDARDS aINTERNATIONAL BUSINESS ENTERPRISES--ACCOUNTING--STANDARDS--PERIODICALS aINTERNATIONAL BUSINESS ENTERPRISES--ACCOUNTING--PERIODICALS